000
00285nam a22001337a 4500
008
190226b xxu||||| |||| 00| 0 eng d
020
_a
9781562790615
041
_a
eng
080
_a
574
100
_a
9
101
_a
MJE
245
_a
Green Essentials
_c
Saign, G.C
942
_2
udc
_c
BK
999
_c
54287
_d
54287